Statistics for FIFA ICON QUIZ #2

Click here to take the quiz!

General Stats

  • This quiz has been taken 21 times
  • The average score is 9 of 10

Answer Stats

HintAnswer% Correct
Didier DrogbaIvory Coast
100%
CafuBrazil
95%
Samuel Eto'oCameroon
95%
Michael EssienGhana
95%
Clarence SeedorfNetherlands
95%
Rui CostaPortugal
95%
Pavel NedvedCzech Republic
89%
Jari LitmanenFinland
89%
Ian RushWales
89%
Michael LaudrupDenmark
84%

Score Distribution

Percentile by Number Answered

Percent of People with Each Score

Your Score History

You have not taken this quiz